LEADER 01120nam0 22002653i 450 001 SUN0098400 005 20140701094325.998 010 $a978-88-348-2669-0$d0.00 100 $a20140701d2013 |0itac50 ba 101 $aita 102 $aIT 105 $a|||| ||||| 200 1 $aˆIl ‰giudizio civile di cassazione$eaggiornato al d.l. 22 giugno 2012, n. 83 (conv. con modifiche, nella l. 7 agosto 2012, n. 134) e alla l. 28 giugno 212, n. 92$fGian Franco Ricci 210 $aTorino$cGiappichelli$d2013 215 $aXX, 680 p.$d25 cm. 606 $aCorte di cassazione$xGiudizio civile$2SG$3SUNC029510 620 $dTorino$3SUNL000001 700 1$aRicci$b, Gian Franco$3SUNV002768$0240946 712 $aGiappichelli$3SUNV000045$4650 790 1$aRicci Albergotti, Gian Franco$zRicci, Gian Franco$3SUNV102813 801 $aIT$bSOL$c20200706$gRICA 912 $aSUN0098400 950 $aUFFICIO DI BIBLIOTECA DEL DIPARTIMENTO DI GIURISPRUDENZA$d00CONS XVI.Ed.41 $e00DG 2618 20140701 996 $aGiudizio civile di cassazione$915347 997 $aUNICAMPANIA LEADER 03407nam 2200589 450 001 9910464071603321 005 20200520144314.0 010 $a3-11-034086-0 024 7 $a10.1515/9783110340877 035 $a(CKB)2670000000618180 035 $a(EBL)2056390 035 $a(OCoLC)910447167 035 $a(DE-B1597)245582 035 $a(OCoLC)979745677 035 $a(DE-B1597)9783110340877 035 $a(MiAaPQ)EBC2056390 035 $a(PPN)187994870 035 $a(Au-PeEL)EBL2056390 035 $a(CaPaEBR)ebr11059866 035 $a(CaONFJC)MIL788191 035 $a(EXLCZ)992670000000618180 100 $a20150611h20152015 uy 0 101 0 $aeng 135 $aur|n|---||||| 181 $ctxt$2rdacontent 182 $cc$2rdamedia 183 $acr$2rdacarrier 200 10$aAbstract algebra $ean introduction with applications /$fDerek J. S. Robinson 205 $aSecond edition. 210 1$aBerlin, Germany ;$aBoston, Massachusetts :$cDe Gruyter,$d2015. 210 4$d©2015 215 $a1 online resource (337 p.) 225 0 $aDe Gruyter Textbook 300 $aDescription based upon print version of record. 311 $a3-11-034087-9 311 $a3-11-038560-0 320 $aIncludes bibliographical references and index. 327 $tFrontmatter -- $tPreface -- $tContents -- $t1 Sets, relations and functions -- $t2 The integers -- $t3 Introduction to groups -- $t4 Quotient groups and homomorphisms -- $t5 Groups acting on sets -- $t6 Introduction to rings -- $t7 Division in commutative rings -- $t8 Vector spaces -- $t9 Introduction to modules -- $t10 The Structure of groups -- $t11 The Theory of fields -- $t12 Galois Theory -- $t13 Tensor products -- $t14 Further topics -- $tBibliography -- $tList of symbols -- $tIndex 330 $aThis is a high level introduction to abstract algebra which is aimed at readers whose interests lie in mathematics and in the information and physical sciences. In addition to introducing the main concepts of modern algebra, the book contains numerous applications, which are intended to illustrate the concepts and to convince the reader of the utility and relevance of algebra today. In particular applications to Polya coloring theory, latin squares, Steiner systems and error correcting codes are described. Another feature of the book is that group theory and ring theory are carried further than is often done at this level. There is ample material here for a two semester course in abstract algebra. The importance of proof is stressed and rigorous proofs of almost all results are given. But care has been taken to lead the reader through the proofs by gentle stages. There are nearly 400 problems, of varying degrees of difficulty, to test the reader's skill and progress. The book should be suitable for students in the third or fourth year of study at a North American university or in the second or third year at a university in Europe, and should ease the transition to (post)graduate studies. 410 3$aDe Gruyter Textbook 606 $aAlgebra, Abstract$vTextbooks 608 $aElectronic books. 615 0$aAlgebra, Abstract 676 $a512/.02 700 $aRobinson$b Derek John Scott$050208 801 0$bMiAaPQ 801 1$bMiAaPQ 801 2$bMiAaPQ 906 $aBOOK 912 $a9910464071603321 996 $aAbstract algebra$92490220 997 $aUNINA LEADER 01771nas 2200493-a 450 001 9910134738003321 005 20240413024243.0 035 $a(CKB)110992357393434 035 $a(CONSER)---96650445- 035 $a(EXLCZ)99110992357393434 100 $a19951206b19952011 -a- - 101 0 $aita 181 $ctxt$2rdacontent 200 00$aBibliografia nazionale italiana$iPeriodici 210 $aRoma $cIstituto centrale per il catalogo unico delle biblioteche italiane e per le informazioni bibliografiche$d1995- 215 $a1 online resource 311 $aPrint version: Bibliografia nazionale italiana. (DLC) 96650445 (DLC)sn 95031956 (OCoLC)33859300 1125-0887 517 1 $aBNI/S 517 1 $aBibliografia nazionale italiana. 517 1 $aBNI. 517 1 $aBNI. 606 $aItalian periodicals$vBibliography$vPeriodicals 606 $aPériodiques italiens$vImprimés$vPériodiques 606 $aItalian periodicals$2fast$3(OCoLC)fst00980705 606 $aTijdschriften$2gtt 607 $aItaly$xImprints$vPeriodicals 607 $aItalie$vImprimés$vPériodiques 607 $aItaly$2fast 608 $aBibliographies.$2fast 608 $aBibliographies.$2aat 608 $aPeriodicals.$2aat 608 $aPeriodicals.$2fast 615 0$aItalian periodicals 615 6$aPériodiques italiens 615 7$aItalian periodicals. 615 17$aTijdschriften. 676 $a015.45/034 712 02$aIstituto centrale per il catalogo unico delle biblioteche italiane e per le informazioni bibliografiche. 712 02$aBiblioteca nazionale centrale di Firenze. 906 $aJOURNAL 912 $a9910134738003321 920 $aexl_impl conversion 996 $aBibliografia nazionale italiana$956929 997 $aUNINA